[Event "SVR op"]
[Site "Lahnstein"]
[Date "2019.04.18"]
[Round "5"]
[White "Froehlich, Markus"]
[Black "Decrouppe, Johann"]
[Result "0-1"]
[WhiteElo "1579"]
[BlackElo "1435"]
[PlyCount "150"]
[EventDate "2019.04.13"]
[EventType "swiss"]
[EventRounds "7"]
[EventCountry "GER"]
[SourceTitle "EXT 2021"]
[Source "ChessBase"]
[SourceDate "2020.10.23"]
[SourceVersion "1"]
[SourceVersionDate "2020.10.23"]
[SourceQuality "1"]

1. e4 d6 2. d4 Nf6 3. Nc3 g6 4. f4 Bg7 5. Nf3 c6 6. Bd3 b5 7. 0-0 0-0 8. Ne2 Na6 9. c3 Nc7 10. Ng3 e6 11. e5 Nfd5 12. Ne4 Ne8 13. a4 Ndc7 14. exd6 Nxd6 15. Nfd2 Nf5 16. Qe2 a6 17. Nc5 Rb8 18. Nde4 Nd6 19. axb5 axb5 20. f5 Nxf5 21. g4 Nd6 22. Bf4 Nde8 23. Ra7 Ra8 24. Rfa1 Rxa7 25. Rxa7 Nd5 26. Bg3 f5 27. Rxg7+ Nxg7 28. Nd2 Qg5 29. Qg2 fxg4 30. Bd6 Qe3+ 31. Kh1 Qe1+ 32. Nf1 Rf2 33. Bg3 Rxg2 34. Bxe1 Rxb2 35. Bd2 Nf5 36. Ne4 Ra2 37. Kg2 Kg7 38. Bb1 Rb2 39. Bd3 Nde3+ 40. Nxe3 Nxe3+ 41. Kg3 Nf5+ 42. Kxg4 Bd7 43. Bf4 h5+ 44. Kf3 b4 45. Be5+ Kf8 46. cxb4 Rxb4 47. Nf6 Bc8 48. Bxf5 Rb3+ 49. Kf4 exf5 50. Kg5 Kf7 51. Kf4 Be6 52. Nh7 Bd5 53. Ng5+ Kg8 54. Bd6 Rb2 55. Ke5 Kg7 56. h3 Re2+ 57. Kf4 h4 58. Bc7 Rf2+ 59. Ke3 Rf1 60. Ke2 Bc4+ 61. Ke3 Rb1 62. Bd8 Rb3+ 63. Kf2 Rd3 64. Bb6 f4 65. Nf3 Be6 66. Ng5 Bxh3 67. Bc7 Bf5 68. Bxf4 Kf6 69. Nf3 h3 70. Be5+ Ke6 71. Ng5+ Kd5 72. Nf3 Be6 73. Bf6 Bd7 74. Nh2 Rxd4 75. Bxd4 Kxd4 0-1

[Event "SVR op"]
[Site "Lahnstein"]
[Date "2019.04.14"]
[Round "4"]
[White "Decrouppe, Johann"]
[Black "Eske, Alexander"]
[Result "1/2-1/2"]
[WhiteElo "1435"]
[BlackElo "1713"]
[PlyCount "145"]
[EventDate "2019.04.13"]
[EventType "swiss"]
[EventRounds "7"]
[EventCountry "GER"]
[SourceTitle "EXT 2021"]
[Source "ChessBase"]
[SourceDate "2020.10.23"]
[SourceVersion "1"]
[SourceVersionDate "2020.10.23"]
[SourceQuality "1"]

1. Nf3 c5 2. g3 d5 3. Bg2 Nc6 4. 0-0 e5 5. d3 Bd6 6. c3 Nge7 7. e4 d4 8. cxd4 cxd4 9. Nbd2 0-0 10. Nc4 a6 11. Ne1 Be6 12. b3 Bb4 13. Bd2 Bxd2 14. Qxd2 b5 15. Nb2 Rc8 16. f4 f6 17. Rc1 Qd6 18. Nc2 Rc7 19. Nd1 Rfc8 20. Nf2 Nb8 21. Na1 Qa3 22. Rxc7 Rxc7 23. Rb1 Nc8 24. Bh3 Bxh3 25. Nxh3 Nd6 26. Rb2 Rc3 27. Nf2 Rc8 28. Nd1 Qc5 29. Rc2 Qb6 30. Rxc8+ Nxc8 31. Qc2 Nd6 32. Kf1 Qc6 33. Ke2 b4 34. Nb2 Qxc2+ 35. Nxc2 Nc6 36. Nc4 Nb5 37. a3 a5 38. axb4 Nc3+ 39. Ke1 axb4 40. Nb6 Kf7 41. Nd5 Na2 42. f5 Ke8 43. g4 Nc1 44. Ncxb4 Nxb4 45. Nxb4 Nxb3 46. Ke2 Kd7 47. Kd1 Nc5 48. Kd2 Kd6 49. Nc2 Nb3+ 50. Kd1 Kc5 51. Ne1 Kb4 52. Kc2 Nc5 53. Nf3 Nd7 54. h4 Kc5 55. Kd2 Kd6 56. h5 h6 57. Kc2 Nc5 58. Ne1 Na4 59. Nf3 Nc3 60. Kd2 Nb5 61. Kc2 Kc5 62. Kd2 Na3 63. g5 fxg5 64. Nxg5 Kd6 65. Nf7+ Ke7 66. Nxe5 Nb5 67. Nf3 Kf6 68. Ke2 Nc3+ 69. Kf2 Nd1+ 70. Kg3 Nb2 71. Ne1 Kg5 72. Nf3+ Kf6 73. Nxd4 1/2-1/2

[Event "Rheinland Pfalz op 10th"]
[Site "Nickenich"]
[Date "2018.06.01"]
[Round "4"]
[White "Decrouppe, Johann"]
[Black "Boos Guckes, Astrid"]
[Result "1-0"]
[WhiteElo "1636"]
[BlackElo "1363"]
[PlyCount "45"]
[EventDate "2018.05.31"]
[EventType "swiss"]
[EventRounds "7"]
[EventCountry "GER"]
[SourceTitle "EXT 2019"]
[Source "ChessBase"]
[SourceDate "2018.10.10"]
[SourceVersion "1"]
[SourceVersionDate "2018.10.10"]
[SourceQuality "1"]

1. Nf3 d5 2. g3 e6 3. Bg2 c6 4. 0-0 Nf6 5. d3 Nbd7 6. Nbd2 Bd6 7. c4 0-0 8. b3 Re8 9. Bb2 e5 10. cxd5 Nxd5 11. Rc1 N7f6 12. Nc4 h6 13. Nfxe5 Ng4 14. Nxg4 Bxg4 15. f3 Be6 16. Bd4 Qd7 17. Bf2 Bh3 18. Bxh3 Qxh3 19. Nxd6 Re7 20. Qd2 Qd7 21. Ne4 Rae8 22. Rfe1 Re6 23. Nc5 1-0

[Event "SVR-op"]
[Site "Heimbach Weis"]
[Date "2017.04.15"]
[Round "7"]
[White "Mehlem, Sabine"]
[Black "Decrouppe, Johann"]
[Result "1/2-1/2"]
[WhiteElo "1588"]
[BlackElo "1510"]
[PlyCount "98"]
[EventDate "2017.04.08"]
[EventType "swiss"]
[EventRounds "7"]
[EventCountry "GER"]
[SourceTitle "EXT 2020"]
[Source "ChessBase"]
[SourceDate "2019.10.17"]
[SourceVersion "1"]
[SourceVersionDate "2019.10.17"]
[SourceQuality "1"]

1. d4 Nf6 2. e3 g6 3. Bd3 Bg7 4. f4 0-0 5. Nf3 d6 6. Nbd2 b6 7. Qe2 Bb7 8. b3 Nbd7 9. Bb2 c5 10. c3 Rc8 11. c4 Re8 12. 0-0 Nf8 13. d5 e6 14. dxe6 Nxe6 15. Ne1 Nh5 16. Bxg7 Nhxg7 17. Qf2 f5 18. Ndf3 Nh5 19. Rd1 Qe7 20. Nc2 Nf6 21. h3 Rcd8 22. Rfe1 Be4 23. Qf1 Bxd3 24. Rxd3 Ne4 25. Red1 Qc7 26. Nd2 Nf6 27. Nf3 Re7 28. Nce1 Ne4 29. Nd2 Nf6 30. Nef3 Red7 31. Qe2 h6 32. Nf1 Ne4 33. Qe1 Re8 34. Ng3 Nd8 35. Nh4 Kh7 36. Nxe4 Rxe4 37. Qd2 Nf7 38. Rd5 Qd8 39. Nf3 Qe8 40. Kf2 Rde7 41. Re1 Qh8 42. Qc2 Qf6 43. Rd3 R7e6 44. Nd2 Qh4+ 45. g3 Qxh3 46. Rg1 Qg4 47. Nxe4 fxe4 48. Rd2 Qf3+ 49. Ke1 Qxe3+ 1/2-1/2

[Event "SVR-op"]
[Site "Heimbach Weis"]
[Date "2017.04.13"]
[Round "4"]
[White "Decrouppe, Johann"]
[Black "Boder, Jan"]
[Result "1/2-1/2"]
[WhiteElo "1510"]
[BlackElo "1177"]
[PlyCount "66"]
[EventDate "2017.04.08"]
[EventType "swiss"]
[EventRounds "7"]
[EventCountry "GER"]
[SourceTitle "EXT 2020"]
[Source "ChessBase"]
[SourceDate "2019.10.17"]
[SourceVersion "1"]
[SourceVersionDate "2019.10.17"]
[SourceQuality "1"]

1. Nf3 Nf6 2. g3 g6 3. Bg2 Bg7 4. 0-0 0-0 5. c4 c5 6. Nc3 d6 7. d3 Nc6 8. Rb1 Bg4 9. h3 Bf5 10. e4 Bd7 11. Bd2 Rb8 12. Nd5 Nxd5 13. exd5 Nd4 14. Kh2 b5 15. b3 Qc7 16. Be3 Nxf3+ 17. Bxf3 Rb7 18. d4 cxd4 19. Bxd4 bxc4 20. Bxg7 Kxg7 21. Qd4+ f6 22. Rfc1 Qb6 23. Qxb6 Rxb6 24. Rxc4 Rc8 25. Rbc1 Rxc4 26. Rxc4 Rb7 27. Kg2 Bb5 28. Rc3 f5 29. h4 Kf6 30. Kg1 Ke5 31. Bg2 Be8 32. f4+ Kd4 33. Rc4+ Ke3 1/2-1/2

[Event "SVR-op"]
[Site "Heimbach Weis"]
[Date "2017.04.13"]
[Round "5"]
[White "Hoeblich, Markus"]
[Black "Decrouppe, Johann"]
[Result "1/2-1/2"]
[WhiteElo "1296"]
[BlackElo "1510"]
[PlyCount "53"]
[EventDate "2017.04.08"]
[EventType "swiss"]
[EventRounds "7"]
[EventCountry "GER"]
[SourceTitle "EXT 2020"]
[Source "ChessBase"]
[SourceDate "2019.10.17"]
[SourceVersion "1"]
[SourceVersionDate "2019.10.17"]
[SourceQuality "1"]

1. c4 Nf6 2. Nc3 g6 3. d4 Bg7 4. Nf3 0-0 5. e3 d6 6. h3 Nbd7 7. Bd3 Re8 8. Qc2 Nf8 9. Ne2 c5 10. Bd2 cxd4 11. exd4 Bd7 12. d5 Rc8 13. b3 Nxd5 14. Bc3 Nxc3 15. Nxc3 Bc6 16. Be2 Qa5 17. Rc1 Bxc3+ 18. Qxc3 Qxc3+ 19. Rxc3 b5 20. cxb5 Bxf3 21. Rxc8 Rxc8 22. Bxf3 Rc2 23. a4 Rc3 24. Bd1 Nd7 25. Kd2 Rc5 26. Re1 Kf8 27. Re3 1/2-1/2

[Event "Rheinland Pfalz op 7th"]
[Site "Frankenthal"]
[Date "2015.06.06"]
[Round "3"]
[White "Decrouppe, Johann"]
[Black "Ronge, Tim Hendrick"]
[Result "1/2-1/2"]
[WhiteElo "1695"]
[BlackElo "1943"]
[PlyCount "74"]
[EventDate "2015.06.04"]
[EventType "swiss"]
[EventRounds "7"]
[EventCountry "GER"]
[SourceTitle "EXT 2017"]
[Source "ChessBase"]
[SourceDate "2016.10.25"]
[SourceVersion "1"]
[SourceVersionDate "2016.10.25"]
[SourceQuality "1"]

1. c4 g6 2. Nc3 Bg7 3. g3 c5 4. Bg2 Nc6 5. Nf3 e6 6. 0-0 Nge7 7. d3 0-0 8. Bd2 d5 9. cxd5 exd5 10. Rb1 Bf5 11. Nh4 Be6 12. a3 a5 13. Qc1 Re8 14. Nb5 Qb6 15. a4 d4 16. Bf4 Ne5 17. Nf3 N7c6 18. Nd2 Red8 19. b3 Rac8 20. Nc4 Nxc4 21. bxc4 Nb4 22. h4 Bg4 23. Qd2 Rd7 24. Kh2 Re8 25. f3 Rde7 26. fxg4 Rxe2 27. Rfe1 Qe6 28. Rxe2 Qxe2 29. Qxe2 Rxe2 30. Kg1 Nxd3 31. Bf1 Re1 32. Rxe1 Nxe1 33. Kf2 Nc2 34. Bd3 Nb4 35. Ke2 Nc6 36. Bd6 Be5 37. Bxe5 Nxe5 1/2-1/2

[Event "SVR op"]
[Site "Nickenich"]
[Date "2015.03.28"]
[Round "1"]
[White "Fink, Christian"]
[Black "Decrouppe, Johann"]
[Result "1-0"]
[WhiteElo "2075"]
[BlackElo "1519"]
[PlyCount "71"]
[EventDate "2015.03.28"]
[EventType "swiss"]
[EventRounds "7"]
[EventCountry "GER"]
[SourceTitle "EXT 2016"]
[Source "ChessBase"]
[SourceDate "2015.10.08"]
[SourceVersion "1"]
[SourceVersionDate "2015.10.08"]
[SourceQuality "1"]

1. e4 d6 2. d4 Nf6 3. Nc3 g6 4. Be2 Bg7 5. Be3 0-0 6. Qd2 a6 7. a4 Nc6 8. f4 Bg4 9. h3 Bxe2 10. Ngxe2 e5 11. fxe5 dxe5 12. d5 Na5 13. b3 b6 14. 0-0 Ne8 15. Rad1 Nd6 16. Bg5 f6 17. Bh4 Rf7 18. Qd3 Qf8 19. g4 Qe7 20. Kg2 Bh6 21. Rf3 Nab7 22. Ng1 Bf4 23. Rdf1 g5 24. Bf2 Ne8 25. Rb1 Qb4 26. Na2 Qe7 27. c4 h5 28. Qe2 hxg4 29. hxg4 Rh7 30. Rh3 Nbd6 31. Nc3 Qg7 32. b4 Qg6 33. c5 Nc8 34. Qd3 a5 35. d6 Rd7 36. Qd5+ 1-0

[Event "SVR-op"]
[Site "Heimbach Weis"]
[Date "2014.04.19"]
[Round "7"]
[White "Decrouppe, Johann"]
[Black "Teper, Engin"]
[Result "0-1"]
[WhiteElo "1456"]
[BlackElo "1465"]
[PlyCount "56"]
[EventDate "2014.04.11"]
[EventType "swiss"]
[EventRounds "7"]
[EventCountry "GER"]
[SourceTitle "CBM 160 Extra"]
[Source "ChessBase"]
[SourceDate "2014.07.01"]
[SourceVersion "1"]
[SourceVersionDate "2014.07.01"]
[SourceQuality "1"]

1. Nf3 Nf6 2. g3 d5 3. Bg2 c5 4. 0-0 Nc6 5. d3 e5 6. Nbd2 Bd6 7. h3 h6 8. c4 d4 9. a3 0-0 10. Rb1 Qc7 11. Qe1 Bf5 12. Ra1 Rfe8 13. Qd1 Re7 14. Nh4 Bh7 15. Ne4 Nxe4 16. Bxe4 Qd7 17. Kh2 f5 18. Bd5+ Kh8 19. Qa4 g5 20. Bxc6 bxc6 21. Ng2 f4 22. Qd1 Rf8 23. Rh1 fxg3+ 24. fxg3 e4 25. Rf1 Rxf1 26. Qxf1 Rf7 27. Qd1 e3 28. b4 Bxg3+ 0-1

[Event "SVR-op 36th"]
[Site "Idar Oberstein"]
[Date "2013.03.23"]
[Round "1"]
[White "Decrouppe, Johann"]
[Black "Weber, Daniel"]
[Result "1-0"]
[WhiteElo "1692"]
[BlackElo "1134"]
[PlyCount "41"]
[EventDate "2013.03.23"]
[EventType "swiss"]
[EventRounds "7"]
[EventCountry "GER"]
[SourceTitle "EXT 2014"]
[Source "ChessBase"]
[SourceDate "2013.11.20"]
[SourceVersion "1"]
[SourceVersionDate "2013.11.20"]
[SourceQuality "1"]

1. c4 e5 2. Nc3 Nc6 3. g3 Nf6 4. Bg2 Bb4 5. e3 0-0 6. Nge2 Re8 7. a3 Bxc3 8. Nxc3 d6 9. b4 Be6 10. Nd5 Nxd5 11. cxd5 Bd7 12. dxc6 Bxc6 13. Bxc6 bxc6 14. 0-0 a5 15. Bb2 Qb8 16. Bc3 c5 17. bxc5 dxc5 18. Qg4 c6 19. f4 f6 20. fxe5 fxe5 21. Qc4+ 1-0

[Event "SVR-op 35th"]
[Site "Nickenich"]
[Date "2012.03.31"]
[Round "2"]
[White "Decrouppe, Johann"]
[Black "Spreemann, Ralf"]
[Result "0-1"]
[WhiteElo "1689"]
[BlackElo "2026"]
[PlyCount "56"]
[EventDate "2012.03.30"]
[EventType "swiss"]
[EventRounds "7"]
[EventCountry "GER"]
[SourceTitle "EXT 2013"]
[Source "ChessBase"]
[SourceDate "2012.11.22"]
[SourceVersion "1"]
[SourceVersionDate "2012.11.22"]
[SourceQuality "1"]

1. c4 Nf6 2. g3 c6 3. Bg2 d5 4. cxd5 cxd5 5. Nf3 Nc6 6. 0-0 e5 7. d3 Be7 8. Nbd2 0-0 9. b3 e4 10. Ne1 Bf5 11. dxe4 dxe4 12. e3 Qd5 13. Qc2 Rac8 14. Qb1 Bb4 15. Nc4 b5 16. Na3 Ne5 17. Nac2 Bc3 18. Bb2 Nf3+ 19. Bxf3 exf3 20. Bxc3 Rxc3 21. Qb2 Rfc8 22. Kh1 Bxc2 23. Nxc2 Rxc2 24. Rac1 Qd3 25. Qb1 Qe2 26. Rce1 Qd2 27. Rd1 Qc3 28. h3 g6 0-1

[Event "SVR-op 34th"]
[Site "Reil"]
[Date "2011.04.23"]
[Round "7"]
[White "Schmorleiz, Bernd"]
[Black "Decrouppe, Johann"]
[Result "1/2-1/2"]
[WhiteElo "1630"]
[BlackElo "1420"]
[PlyCount "38"]
[EventDate "2011.04.16"]
[EventType "swiss"]
[EventRounds "7"]
[EventCountry "GER"]
[SourceTitle "EXT 2013"]
[Source "ChessBase"]
[SourceDate "2012.11.22"]
[SourceVersion "1"]
[SourceVersionDate "2012.11.22"]
[SourceQuality "1"]

1. d4 Nf6 2. e3 b6 3. Nd2 Bb7 4. Ngf3 g6 5. Bd3 Bg7 6. c3 0-0 7. e4 d6 8. Qe2 Nbd7 9. 0-0 h6 10. Nh4 e5 11. Nhf3 a6 12. Re1 b5 13. Nb3 c5 14. Bc2 c4 15. Nbd2 Nh5 16. g3 Nhf6 17. b3 cxb3 18. Nxb3 Rc8 19. Bb2 Re8 1/2-1/2

[Event "SVR-op 34th"]
[Site "Reil"]
[Date "2011.04.21"]
[Round "5"]
[White "Metzen, Heiko"]
[Black "Decrouppe, Johann"]
[Result "1-0"]
[WhiteElo "1534"]
[BlackElo "1420"]
[PlyCount "59"]
[EventDate "2011.04.16"]
[EventType "swiss"]
[EventRounds "7"]
[EventCountry "GER"]
[SourceTitle "EXT 2013"]
[Source "ChessBase"]
[SourceDate "2012.11.22"]
[SourceVersion "1"]
[SourceVersionDate "2012.11.22"]
[SourceQuality "1"]

1. e4 d6 2. Bc4 Nf6 3. Nc3 e6 4. Nge2 Be7 5. 0-0 0-0 6. d4 Nbd7 7. Be3 b6 8. Bd3 Bb7 9. f4 c5 10. e5 Nd5 11. Nxd5 Bxd5 12. c3 f6 13. Ng3 f5 14. c4 Bb7 15. exd6 Bxd6 16. d5 exd5 17. cxd5 g6 18. b3 Nf6 19. Bc4 Qd7 20. Qc2 Ng4 21. Bc1 Rae8 22. Qc3 Qg7 23. Qxg7+ Kxg7 24. Bb2+ Kf7 25. Rae1 Rxe1 26. Rxe1 Nf6 27. Bxf6 Bxf4 28. Be7 Bxg3 29. hxg3 Re8 30. d6+ 1-0

[Event "Rheinland Pfalz op 2nd"]
[Site "Schweich"]
[Date "2010.07.18"]
[Round "7"]
[White "Grieb, Daniel"]
[Black "Decrouppe, Johann"]
[Result "1/2-1/2"]
[WhiteElo "1376"]
[BlackElo "1705"]
[PlyCount "42"]
[EventDate "2010.07.16"]
[EventType "swiss"]
[EventRounds "7"]
[EventCountry "GER"]
[SourceTitle "EXT 2012"]
[Source "ChessBase"]
[SourceDate "2011.11.24"]
[SourceVersion "1"]
[SourceVersionDate "2011.11.24"]
[SourceQuality "1"]

1. e4 d6 2. Bc4 g6 3. Nc3 Bg7 4. Nf3 Nf6 5. h3 Nbd7 6. 0-0 0-0 7. d3 a6 8. Re1 e6 9. Be3 b5 10. Bb3 Nc5 11. Bxc5 dxc5 12. Qe2 Bb7 13. Qe3 Nd7 14. Rad1 Qe7 15. Qg5 Qe8 16. Rb1 h6 17. Qe3 Qe7 18. Ne2 Nb6 19. c3 Rad8 20. d4 c4 21. Bc2 Kh7 1/2-1/2

[Event "SVR-op 33rd"]
[Site "Mendig"]
[Date "2010.04.02"]
[Round "6"]
[White "Decrouppe, Johann"]
[Black "Goetz, Benjamin"]
[Result "1/2-1/2"]
[WhiteElo "1716"]
[BlackElo "1625"]
[PlyCount "120"]
[EventDate "2010.03.27"]
[EventType "swiss"]
[EventRounds "7"]
[EventCountry "GER"]
[SourceTitle "EXT 2011"]
[Source "ChessBase"]
[SourceDate "2010.11.26"]
[SourceVersion "1"]
[SourceVersionDate "2010.11.26"]
[SourceQuality "1"]

1. Nf3 Nf6 2. g3 g6 3. Bg2 Bg7 4. 0-0 0-0 5. c4 c6 6. Nc3 d6 7. d3 Re8 8. Bd2 e5 9. Rc1 Nbd7 10. Qc2 a5 11. a3 Nf8 12. Be3 h6 13. Na4 c5 14. Qb3 Ra6 15. Nd2 Re7 16. Nc3 Rb6 17. Qc2 Ne6 18. Nde4 Nxe4 19. Bxe4 Nc7 20. Bg2 Ra6 21. Rb1 b6 22. Bd2 Be6 23. a4 f5 24. Nd5 Nxd5 25. Bxd5 Bxd5 26. cxd5 e4 27. dxe4 Rxe4 28. e3 Qa8 29. f3 Re5 30. e4 fxe4 31. fxe4 Qe8 32. Rbe1 Ra7 33. Bc3 Ree7 34. Bxg7 Kxg7 35. Re2 b5 36. axb5 Qxb5 37. Rfe1 Re5 38. Qc3 Rae7 39. Kg2 Qb4 40. Kf3 Rf7+ 41. Kg2 Qxc3 42. bxc3 Re8 43. Ra1 Ra7 44. Ra4 Kf6 45. Kf3 Ke5 46. Ke3 Rf8 47. Rf2 Rxf2 48. Kxf2 Rf7+ 49. Ke3 Rf1 50. Rxa5 Re1+ 51. Kd3 Rxe4 52. c4 h5 53. Ra2 Rd4+ 54. Kc3 h4 55. gxh4 Rxh4 56. Re2+ Re4 57. Rg2 Kf5 58. Kd3 Rh4 59. Re2 Rd4+ 60. Kc3 Re4 1/2-1/2